Entry Corporate Name
Number of records used in: 1
001 - CONTROL NUMBER
003 - CONTROL NUMBER IDENTIFIER
005 - DATE AND TIME OF LATEST TRANSACTION
- control field:
20200612142411.0
008 - FIXED-LENGTH DATA ELEMENTS
- fixed length control field:
200612|| aca||aabn | a|a d
040 ## - CATALOGING SOURCE
- Original cataloging agency:
OSt
- Transcribing agency:
OSt
110 ## - HEADING--CORPORATE NAME
- Corporate name or jurisdiction name as entry element:
ALL INDIA REPORTER,
670 ## - SOURCE DATA FOUND
- Source citation:
Work cat.: (OSt): ALL INDIA REPORTER,, ALL INDIA REPORTER, [2005] [VOL-92] SUPREME COURT SECTION [ PART-1] 1056;p